| 000 | 00000nam##2200000za#4500 |
| 001 | 9.684599 |
| 003 | CaOODSP |
| 005 | 20210615134313 |
| 007 | ta |
| 008 | 150407|2009||||xxc||||| f|0| 0 fre|d |
| 020 | |a978-1-100-91494-7 |
| 040 | |aCaOODSP|bfre |
| 043 | |an-cn--- |
| 086 | 1 |aCW66-170/2009F |
| 110 | 2 |aService canadien de la faune. |
| 245 | 13|aLe pluvier siffleur dans l'est du Canada |
| 260 | |aDartmouth - Nouvelle-Écosse : |bEnvironnement Canada. |c[2009]. |
| 300 | |a1 feuille pliée ([10]p.) ; |c22 cm. |
| 563 | |aDépliant |
| 590 | |a10-02|b2010-01-15 |
| 691 | 07|aEspèce menacée|2gcpds |
| 775 | 08|tThe piping plover in eastern Canada |w(CaOODSP)9.651580 |
| 776 | 0#|tLe pluvier siffleur dans l'est du Canada |w(CaOODSP)9.636404 |